000 00766nam a2200205 i 4500
001 111280
003 ES-MaACL
005 20230906185257.0
007 t|
008 190605s1941 sp r ||||1| spa d
100 1 _aElorrieta, Octavio.
_947087
245 1 0 _aOrdenación económica de la producción agraria /
_cpor Octavio Elorrieta.
260 _aMadrid :
_bInstituto Forestal de Investigaciones y Experiencias,
_c1941.
300 _a170 p. :
_bgraf. ;
_c23 cm.
490 1 _aInstituto Forestal de Investigaciones y Experiencias ;
_vAño XII, nº 19
650 4 _aAgricultura-
_xProductividad.
_9145066
830 0 _aInstituto Forestal de Investigaciones y Experiencias ;
_vAño XII, nº 19
_9181435
852 _aES-MaACL
_jP-569-Bis-8
999 _c111280
_d111280